Estadística elemental: incluye problemas resueltos
محفوظ في:
| المؤلف الرئيسي: | |
|---|---|
| التنسيق: | كتاب |
| اللغة: | الإسبانية |
| منشور في: |
Santiago
COOPECULTURA
1991
|
| الموضوعات: | |
| الوسوم: |
إضافة وسم
لا توجد وسوم, كن أول من يضع وسما على هذه التسجيلة!
|
MARC
| LEADER | 00000nam a2200000 a 4500 | ||
|---|---|---|---|
| 001 | UCY3421 | ||
| 003 | CL-VaPUC | ||
| 008 | 941227e19910000CL |||||||||||||||||spa|d | ||
| 082 | 0 | 4 | |a 519.5 |b DOT |2 21 |
| 100 | 0 | |a D'Ottone Rudolph, Horacio |e author |9 331681 | |
| 245 | 1 | 0 | |a Estadística elemental: incluye problemas resueltos |
| 300 | |a 270 p | ||
| 942 | |c BK | ||
| 945 | |d 19941227 00:00:00 |a oaravena | ||
| 260 | |a Santiago |b COOPECULTURA |c 1991 | ||
| 650 | 0 | |a Estadística |9 259535 | |
| 583 | |a last modification |c 19941227 00:00:00 |k Rodrigo Vera | ||
| 999 | |c 231556 |d 231554 | ||
| 952 | |0 0 |1 0 |4 0 |6 519_500000000000000_DOT_1991 |7 0 |8 A |9 234939 |a BIBGIM |b BIBGIM |d 2019-11-15 |i 3048012 |o 519.5 DOT 1991 |p 3048012 |r 2025-01-15 |w 2019-11-15 |y BK |k EST | ||